00974nam a22002537a 450000500170000001000130001702000220003003500130005203700160006504000120008108200180009310000260011124500830013726000450022027000430026530000320030850000510034065000490039165000390044070000320047994200270051199900190053895201630055720170124110003.0 aA-597006 c00.00a8170244889 aA-597006 bCen Lib/Ret aDPLbEN a363.2954bMIS aMishra, Rashmi916381 aPolice and social change in India /cby Rashmi Mishra [and] Samarendra Mohanty aNew DelhibAshish Publishing Housec1992 a8/18. Panjabi Bagh bNew Delhie110026 axiv,229p. ;b21cm(Hb)cill. aIncludes bibliographical references and index. aPolice-community relations -- India. 916382 aPolice-community relations.916383 aMohanty, Samarendra 916380 2ddccENh363.2954mMIS c126036d126036 04104070aLbLd2015-06-24eCen Lib/Retg0.00l0o363.2954 MISpA-597006r2015-06-24 00:00:00t1v0.00w2015-06-24yENzW/d List No. 6869/6 ; dtd 11/08/2020